[Event "SLO-ch U10 Girls"]
[Site "Rogaska Slatina"]
[Date "2009.02.24"]
[Round "5"]
[White "Ramadani, Sarah"]
[Black "Krek, Eva"]
[Result "1-0"]
[WhiteElo "1583"]
[BlackElo "1500"]
[PlyCount "60"]
[EventDate "2009.02.22"]
[EventType "swiss"]
[EventRounds "9"]
[EventCountry "SLO"]
[SourceTitle "CBM 129 Extra"]
[Source "ChessBase"]
[SourceDate "2009.05.05"]
[SourceVersion "2"]
[SourceVersionDate "2009.05.20"]
[SourceQuality "1"]

1. e4 d5 2. exd5 Qxd5 3. Nc3 Qa5 4. d4 c6 5. Bc4 Nf6 6. Nf3 Bg4 7. h3 Bxf3 8. Qxf3 Nbd7 9. Bd2 Qd8 10. g4 e5 11. g5 exd4 12. gxf6 Ne5 13. Qe2 Qxf6 14. Ne4 Qf5 15. 0-0-0 Nxc4 16. Qxc4 Qxe4 17. Rde1 Qe6 18. Rxe6+ fxe6 19. Qxe6+ Kd8 20. Ba5+ b6 21. Qxc6 Rc8 22. Qd5+ Ke8 23. Re1+ Be7 24. Qd6 Kf8 25. Qxe7+ Kg8 26. Qe6+ Kf8 27. Re4 g5 28. Qf6+ Kg8 29. Re7 Rf8 30. Qe5 Ra8 1-0